‘Sounds the Same’ Slideshow III Quiz Stats

 Plays Quiz Updated Mar 22, 2015

Score 0/18 Timer 05:00
0 Plays Today
% Correct
pray & prey
98.2%
pause & paws
97.1%
stairs & stares
96.9%
sail & sale
94.2%
read & reed
92.7%
ball & bawl
91.9%
bell & belle
90.3%
die & dye
89%
yoke & yolk
86.9%
% Correct
berries & buries
86.5%
cell & sell
74.8%
bough & bow
63.9%
mince & mints
63.8%
sea & see
63.7%
morning & mourning
58.3%
cocks & cox
47.4%
gnus & news
46.4%
rays & raze
29.6%

You're not logged in!

Compare scores with friends on all Sporcle quizzes.
Join for Free
OR
Log In

You Might Also Like...

Show Comments

Extras

Top Quizzes Today


Score Distribution

Your Account Isn't Verified!

In order to create a playlist on Sporcle, you need to verify the email address you used during registration. Go to your Sporcle Settings to finish the process.

Report this User

Report this user for behavior that violates our Community Guidelines.

Details: